Match the Song to the Album (1980s) - Statistics

General Stats
  • This quiz has been taken 108 times
  • The average score is 17 of 25
Answer Stats
Hint Answer % Correct
"Sweet Child o' Mine" Appetite for Destruction
88%
"When Doves Cry" Purple Rain
88%
"Billie Jean" Thriller
88%
"I Wanna Dance with Somebody (Who Loves Me)" Whitney
86%
"You Shook Me All Night Long" Back in Black
84%
"Man in the Mirror" Bad
84%
"With or Without You" The Joshua Tree
84%
"Money for Nothing" Brothers in Arms
80%
"Dancing in the Dark" Born in the U.S.A.
79%
"Every Breath You Take" Synchronicity
79%
"Pour Some Sugar on Me" Hysteria
76%
"Jump" 1984
70%
"Livin' on a Prayer" Slippery When Wet
67%
"Everybody Wants to Rule the World" Songs from the Big Chair
66%
"Girls Just Want to Have Fun" She's So Unusual
64%
"Sussudio" No Jacket Required
63%
"One" ...And Justice for All
61%
"Express Yourself" Like a Prayer
59%
"Modern Love" Let's Dance
58%
"Another One Bites the Dust" The Game
50%
"Don't Stop Believin'" Escape
49%
"Once in a Lifetime" Remain in Light
42%
"Lovesong" Disintegration
38%
"The One I Love" Document
33%
"Here Comes Your Man" Doolittle
32%
No matching quizzes found
Score Distribution
Percent of People with Each Score
Percentile by Number Answered
Your Score History
You have not taken this quiz